000 00581nam a2200241Ia 4500
003 OSt
005 20220924144117.0
006 a|||||r|||| 00| 0
007 ta
008 220923b |||||||| |||| 00| 0 urd d
020 _c25.00
024 _a312051
037 _cTextual
040 _aARTS
_cARTS
_burd
041 _2urd
_aurd
082 _aO168,1L22x, K3
100 _aMeer Meer Taqi
245 0 _aSubh-e-latafat
260 _c1963
650 _aURDU POETRY
942 _hO168,1L22x, K3
_cTEXL
_2CC
999 _c456134
_d456134